000 00388nam a22001817a 4500
003 OSt
005 20210923115415.0
008 210923b |||||||| |||| 00| 0 eng d
020 _a0130269263
040 _chu
082 _210th
_a150/kas
100 _esaul kassin
245 _apsychology
250 _a10 th
260 _aupper
_bhall
_c2001
300 _a740
942 _2ddc
_cBOOKS
_n0
999 _c6341
_d6341